Polymers : the environment and sustainable development / (Record no. 8453)
[ view plain ]
| 000 -LEADER | |
|---|---|
| fixed length control field | 01198nac a22002771u 4500 |
| 010 ## - LIBRARY OF CONGRESS CONTROL NUMBER | |
| LC control number | 2002028088 |
| 020 ## - INTERNATIONAL STANDARD BOOK NUMBER | |
| International Standard Book Number | 0471877417 (pbk. : acid-free paper) |
| 082 00 - DEWEY DECIMAL CLASSIFICATION NUMBER | |
| Classification number | 668.4192 |
| Item number | AZA |
| 090 ## - LOCALLY ASSIGNED LC-TYPE CALL NUMBER (OCLC); LOCAL CALL NUMBER (OCLC) | |
| -- | 8453 |
| -- | 8453 |
| 100 ## - MAIN ENTRY--PERSONAL NAME | |
| Personal name | Azapagic, Adisa. |
| 245 10 - TITLE STATEMENT | |
| Title | Polymers : the environment and sustainable development / |
| Remainder of title | the environment and sustainable development / |
| Statement of responsibility, etc | Adisa Azapagic, Alan Emsley, Ian Hamerton ; edited by Ian Hamerton. |
| 246 1# - VARYING FORM OF TITLE | |
| Title proper/short title | Polymers, the environment and sustainable development. |
| 260 ## - PUBLICATION, DISTRIBUTION, ETC. (IMPRINT) | |
| Place of publication, distribution, etc | West Sussex, England ; |
| -- | Hoboken, NJ : |
| Name of publisher, distributor, etc | J. Wiley,2003. |
| Date of publication, distribution, etc | c2003. |
| 300 ## - PHYSICAL DESCRIPTION | |
| Extent | xii, 219 p. : |
| Other physical details | ill. (some col.) ; |
| Dimensions | 24 cm. |
| 500 ## - GENERAL NOTE | |
| General note | Distributer: Al-Ahram |
| 504 ## - BIBLIOGRAPHY, ETC. NOTE | |
| Bibliography, etc | Includes bibliographical references and index. |
| 511 ## - PARTICIPANT OR PERFORMER NOTE | |
| Participant or performer note | Catalogued by: Sara |
| 650 #0 - SUBJECT ADDED ENTRY--TOPICAL TERM | |
| Topical term or geographic name as entry element | Plastics |
| General subdivision | Recycling. |
| 650 #0 - SUBJECT ADDED ENTRY--TOPICAL TERM | |
| Topical term or geographic name as entry element | Sustainable development. |
| 700 1# - ADDED ENTRY--PERSONAL NAME | |
| Personal name | Emsley, Alan. |
| 700 1# - ADDED ENTRY--PERSONAL NAME | |
| Personal name | Hamerton, Ian. |
| 700 1# - ADDED ENTRY--PERSONAL NAME | |
| Personal name | Hamerton, Ian . |
| 856 42 - ELECTRONIC LOCATION AND ACCESS | |
| Materials specified | Publisher description |
| Uniform Resource Identifier | <a href="http://www.loc.gov/catdir/description/wiley034/2002028088.html">http://www.loc.gov/catdir/description/wiley034/2002028088.html</a> |
| 856 42 - ELECTRONIC LOCATION AND ACCESS | |
| Materials specified | Table of contents |
| Uniform Resource Identifier | <a href="http://www.loc.gov/catdir/toc/wiley031/2002028088.html">http://www.loc.gov/catdir/toc/wiley031/2002028088.html</a> |
| 942 ## - ADDED ENTRY ELEMENTS (KOHA) | |
| Item type | Book - Borrowing |
| Call number prefix | 668.4192AZA |
| Withdrawn status | Item status | Damaged status | Not for loan | Home library | Current library | Shelving location | Date acquired | Source of acquisition | Total Checkouts | Total Renewals | Full call number | Barcode | Date last seen | Date last borrowed | Koha item type |
|---|---|---|---|---|---|---|---|---|---|---|---|---|---|---|---|
| Central Library | Central Library | First floor | 09/03/2008 | Purchase | 2 | 5 | 668.4192AZA | 000010250 | 15/07/2025 | 09/04/2015 | Book - Borrowing |